00414nam a2200169 a 450000100060000000300090000600800410001502000150005604000280007108200190009910000210011824500190013926000320015830000110019065000220020165000210022317245CO-ViMGA141112s2004 ck r 000 u spa d a9584203118 aCO-ViMGAbspacCO-ViMGA04aCo863.44 G151i1 aGamboa, Santiago10aLos impostores aBogotá, cPlaneta, c2002 a351.p.14aNOVELA COLOMBIANA14aNOVELA POLICIACA